| 000 | 00834nam a2200217Ia 4500 | ||
|---|---|---|---|
| 003 | OSt | ||
| 005 | 20250711124258.0 | ||
| 008 | 191128s1998 sp a br 000 f spa d | ||
| 020 | _a8434847493 | ||
| 040 |
_aCO-JMCR _cCO-JMCR |
||
| 041 | _aspa | ||
| 082 | 0 | 4 |
_aN _bBREt |
| 100 | 1 |
_aBrezina, Thomas, _eautor _96371 |
|
| 245 | 1 | 0 |
_aTerror en la clase / _cThomas Brezina |
| 250 | _aQuinta Edición | ||
| 260 |
_aMadrid : _bSM, _c©1998 |
||
| 300 |
_a124 Páginas : _bilustraciones en color ; _c20 cm. |
||
| 520 | _aSoy Max Müller. Tengo 10 años y me gusta ir en monopatín. Hasta ahora he llevado una vida bastante aburrida. En el colegio, a veces se burlan de mi y me llaman miedica. Hasta hace poco yo mismo me creía cobarde. Pero un día me aposté con mi hermana que me | ||
| 650 | 1 | 4 |
_aNovela infantil _91227 |
| 942 |
_2ddc _cBK |
||
| 999 |
_c4145 _d4145 |
||